Sensation and perception (Record no. 1371636)

MARC details
000 -LEADER
fixed length control field 00525nam a2200193Ia 4500
005 - DATE AND TIME OF LATEST TRANSACTION
control field 20250508161713.0
008 - FIXED-LENGTH DATA ELEMENTS--GENERAL INFORMATION
fixed length control field 008 250505s9999 xx 000 0 eng d
037 ## - SOURCE OF ACQUISITION
Stock number Textual
040 ## - CATALOGING SOURCE
Original cataloging agency FEDL
Language of cataloging eng
Transcribing agency FEDL
041 ## - LANGUAGE CODE
Language code of text/sound track or separate title eng
Source of code eng
084 ## - COLON CLASSIFICATION NUMBER
Classification number 152, COH
Assigning agency FEDL
245 #0 - TITLE STATEMENT
Title Sensation and perception
260 ## - PUBLICATION, DISTRIBUTION, ETC.
Place of publication, distribution, etc. Chicago
Name of publisher, distributor, etc. Rand McNally and Company
Date of publication, distribution, etc. 1969
300 ## - PHYSICAL DESCRIPTION
Extent 76p.
490 ## - SERIES STATEMENT
Series statement Eyewitness in psychology
Volume/sequential designation Part 1.
650 ## - SUBJECT ADDED ENTRY--TOPICAL TERM
Topical term or geographic name entry element Perception
942 ## - ADDED ENTRY ELEMENTS (KOHA)
Koha item type Textual
Classification part 152, COH
Holdings
Withdrawn status Lost status Damaged status Not for loan Home library Current library Date acquired Total Checkouts Full call number Barcode Date last seen Price effective from Koha item type
        Department of Education Library Department of Education Library 2025-05-08   152, COH EL0059657 2025-05-08 2025-05-08 Textual
Copyright @ Delhi University Library System